000 01682nam a22002057a 4500
005 20250809163444.0
008 250809b |||||||| |||| 00| 0 eng d
020 _a9780691017471
_qpbk
041 _aeng
082 _a700
_bCOO
100 _aCoomaraswamy, Ananda K.
245 _aThe Door In The Sky
_b: coomaraswamy on myth and meaning
_c/ selected and with a preface by Rama P. Coomaraswamy.
260 _aPrinceton, N.j.,
_bPrinceton University Press
_c1997
300 _axxxviii, 253 p.
_b: ill.,
_c; 24 cm.
504 _aBib and Ref
520 _aAnanda K. Coomaraswamy (1877-1947) was a pioneer in Indian art history and in the cultural confrontation of East and West. A scholar in the tradition of the great Indian grammarians and philosophers, an art historian convinced that the ultimate value of art transcends history, and a social thinker influenced by William Morris, Coomaraswamy was a unique figure whose works provide virtually a complete education in themselves. Finding a universal tradition in past cultures ranging from the Hellenic and Christian to the Indian, Islamic, and Chinese, he collated his ideas and symbols of ancient wisdom into the sometimes complex, always rewarding pattern of essays. The Door in the Sky is a collection of the author's writings on myth drawn from his Metaphysics and Traditional Art and Symbolism, both originally published in Bollingen Series. These essays were written while Coomaraswamy was curator in the department of Asiatic Art of the Boston Museum of Fine Arts, where he built the first large collection of Indian art in the United States.
650 _aArt
700 _aCoomaraswamy, Rama P.
942 _cREF
999 _c579684
_d579684